STN ISO 10005: 2020 (01 0324) : manažérstvo kvality : návod na plány kvality : február 2020

Salvato in:
Dettagli Bibliografici
Natura: Libro
Lingua:slovacco
Pubblicazione: Bratislava : ÚNMS 2020
Soggetti:
Tags: Aggiungi Tag
Nessun Tag, puoi essere il primo ad aggiungerne!!

MARC

LEADER 00000nam a22000003a 4500
001 0104155
005 20230817110311.8
008 050905s2005----xo------------------slo-d
040 |a STU  |b slo 
041 0 |a slo 
044 |a xo 
080 |a 658.56 
245 |a STN ISO 10005: 2020 (01 0324) :  |b manažérstvo kvality : návod na plány kvality : február 2020 
260 |a Bratislava :  |b ÚNMS  |c 2020 
300 |a 32 s. 
500 |a Táto norma nahrádza STN ISO 10005 z januára 2006 v celom rozsahu 
650 7 |a kvalita  |2 stusub 
650 7 |a manažment kvality  |2 stusub 
996 |b 284M089408  |c M* N-1709-1  |l MMKN  |s A  |a 24  |w 0104155_0001